Giai thoại lịch sử Việt Nam

Bộ sách nói về giai thoại lịch sử của các thời Lê - Trịnh Mạt Vận và Nguyễn Gia Long

में बचाया:
ग्रंथसूची विवरण
मुख्य लेखक: Kiều Văn
स्वरूप: पुस्तक
भाषा:Undetermined
प्रकाशित: Thành phố Hồ Chí Minh Tổng hợp thành phố Hồ Chí Minh 2012
विषय:
टैग : टैग जोड़ें
कोई टैग नहीं, इस रिकॉर्ड को टैग करने वाले पहले व्यक्ति बनें!
Thư viện lưu trữ: Trung tâm Học liệu Trường Đại học Cần Thơ
LEADER 00784nam a2200205Ia 4500
001 CTU_185865
008 210402s9999 xx 000 0 und d
020 |c 45000 
082 |a 398.209597 
082 |b K309/T.5 
100 |a Kiều Văn 
245 0 |a Giai thoại lịch sử Việt Nam 
245 0 |c Kiều Văn (tuyển soạn) 
260 |a Thành phố Hồ Chí Minh 
260 |b Tổng hợp thành phố Hồ Chí Minh 
260 |c 2012 
520 |a Bộ sách nói về giai thoại lịch sử của các thời Lê - Trịnh Mạt Vận và Nguyễn Gia Long 
650 |a Anecdotes,Giai thoại lịch sử Việt Nam 
910 |a Ngô Hồng Xuân 
980 |a Trung tâm Học liệu Trường Đại học Cần Thơ